Clinical Hematology Atlas (Record no. 1119)

MARC details
000 -LEADER
fixed length control field 00838pam a2200265 a 4500
001 - CONTROL NUMBER
control field 1668862
003 - CONTROL NUMBER IDENTIFIER
control field OSt
005 - DATE AND TIME OF LATEST TRANSACTION
control field 20220422092916.0
008 - FIXED-LENGTH DATA ELEMENTS--GENERAL INFORMATION
fixed length control field 980211s1999 paua 000 0 eng c
010 ## - LIBRARY OF CONGRESS CONTROL NUMBER
LC control number 98005824
020 ## - INTERNATIONAL STANDARD BOOK NUMBER
International Standard Book Number 0721641741
040 ## - CATALOGING SOURCE
Original cataloging agency DNLM/DLC
Transcribing agency DLC
Modifying agency DLC
050 00 - LIBRARY OF CONGRESS CALL NUMBER
Classification number RB145
Item number .C26 1999
060 10 - NATIONAL LIBRARY OF MEDICINE CALL NUMBER
Classification number WH 17 C311c 1999
082 00 - DEWEY DECIMAL CLASSIFICATION NUMBER
Classification number WH17 C311c 1999
Edition number 21
100 1# - MAIN ENTRY--PERSONAL NAME
Personal name Carr, Jacqueline H.; Rodak, Bernadette F.
9 (RLIN) 3052
245 10 - TITLE STATEMENT
Title Clinical Hematology Atlas
260 ## - PUBLICATION, DISTRIBUTION, ETC. (IMPRINT)
Place of publication, distribution, etc. Philadelphia :
Name of publisher, distributor, etc. Saunders,
Date of publication, distribution, etc. c1999.
300 ## - PHYSICAL DESCRIPTION
Extent xiv, 217 p. :
Other physical details ill. ;
Dimensions 24 cm.
650 #0 - SUBJECT ADDED ENTRY--TOPICAL TERM
Topical term or geographic name as entry element Hematology
9 (RLIN) 3054
650 #0 - SUBJECT ADDED ENTRY--TOPICAL TERM
Topical term or geographic name as entry element Atlas
9 (RLIN) 9564
906 ## - LOCAL DATA ELEMENT F, LDF (RLIN)
a 7
b cbc
c orignew
d 1
e ocip
f 19
g y-gencatlg
942 ## - ADDED ENTRY ELEMENTS (KOHA)
Source of classification or shelving scheme Other/Generic Classification Scheme
Koha item type Short Loan
Holdings
Withdrawn status Lost status Source of classification or shelving scheme Damaged status Not for loan Home library Current library Date acquired Source of acquisition Inventory number Total Checkouts Full call number Barcode Date last seen Koha item type Date last checked out
    Other/Generic Classification Scheme     MUST Main Library MUST Main Library 27/02/2015 Purchase 03/19486   WH17 C311c 1999 2015-0419 27/02/2015 Short Loan  
    Other/Generic Classification Scheme     MUST Main Library MUST Main Library 27/02/2015 Purchase 03/19487   WH17 C311c 1999 2015-0420 27/02/2015 Short Loan  
    Other/Generic Classification Scheme     MUST Main Library MUST Main Library 27/02/2015 Purchase 03/19489   WH17 C311c 1999 2015-0421 27/02/2015 Short Loan  
    Other/Generic Classification Scheme     MUST Main Library MUST Main Library 27/02/2015 Purchase 03/19494   WH17 C311c 1999 2015-0422 27/02/2015 Short Loan  
    Other/Generic Classification Scheme     MUST Main Library MUST Main Library 27/02/2015 Purchase 03/19490   WH17 C311c 1999 2015-0423 27/02/2015 Short Loan  
    Other/Generic Classification Scheme     MUST Main Library MUST Main Library 10/05/2015 Purchase 03/19492 1 WH17 C311c 1999 2015-1376 21/04/2022 Open Shelf 01/04/2021